[Event "Budapest Karacsonyi op"]
[Site "Budapest"]
[Date "2017.12.29"]
[Round "5"]
[White "Bilku, Andras"]
[Black "Deli, Kristof"]
[Result "1/2-1/2"]
[WhiteElo "1728"]
[BlackElo "1793"]
[PlyCount "67"]
[EventDate "2017.12.27"]
[EventType "swiss"]
[EventRounds "7"]
[EventCountry "HUN"]
[SourceTitle "CBM 182 Extra"]
[Source "ChessBase"]
[SourceDate "2018.02.23"]
[SourceVersion "1"]
[SourceVersionDate "2018.02.23"]
[SourceQuality "1"]

1. d4 f5 2. Nc3 Nf6 3. Bg5 e6 4. e4 fxe4 5. Nxe4 Be7 6. Nxf6+ Bxf6 7. Bxf6 Qxf6 8. Bd3 b6 9. c3 Bb7 10. Qh5+ g6 11. Qg4 0-0 12. f3 e5 13. dxe5 Qxe5+ 14. Ne2 d6 15. h4 Bc8 16. Qe4 Qxe4 17. Bxe4 c6 18. h5 d5 19. Bc2 g5 20. h6 Nd7 21. Rh5 g4 22. Rg5+ Kh8 23. Rg7 Nf6 24. Nf4 gxf3 25. Bxh7 f2+ 26. Kf1 Ba6+ 27. Kxf2 Nxh7 28. Kg3 Rxf4 29. Kxf4 Bd3 30. g4 Nf6 31. Rf7 Ne4 32. g5 Rg8 33. Rg1 Nd6 34. Rd7 1/2-1/2

[Event "HUN-chT2 Asztalos 1112"]
[Site "Hungary"]
[Date "2012.03.11"]
[Round "7.9"]
[White "Molnar, Norbert"]
[Black "Deli, Kristof"]
[Result "1/2-1/2"]
[WhiteElo "1933"]
[BlackElo "1807"]
[PlyCount "38"]
[EventDate "2011.09.25"]
[EventType "team-tourn"]
[EventRounds "11"]
[EventCountry "HUN"]
[SourceTitle "EXT 2013"]
[Source "ChessBase"]
[SourceDate "2012.11.22"]
[SourceVersion "1"]
[SourceVersionDate "2012.11.22"]
[SourceQuality "1"]
[WhiteTeam "Dombovar"]
[BlackTeam "Pecs Karmin"]
[WhiteTeamCountry "HUN"]
[BlackTeamCountry "HUN"]

1. e4 e5 2. Nf3 Nc6 3. Bb5 a6 4. Ba4 Nf6 5. d3 d6 6. Nc3 Be7 7. Be3 b5 8. Bb3 Na5 9. h3 Nxb3 10. axb3 Be6 11. 0-0 c5 12. Ng5 Bd7 13. Qd2 h6 14. Nf3 0-0 15. Ne2 Nh7 16. Ng3 Ng5 17. Nxg5 Bxg5 18. Bxg5 Qxg5 19. Qxg5 hxg5 1/2-1/2

[Event "HUN-chT2 Asztalos 1011"]
[Site "Hungary"]
[Date "2010.09.12"]
[Round "1.11"]
[White "Konya, Attila Sr"]
[Black "Deli, Kristof"]
[Result "0-1"]
[WhiteElo "1763"]
[BlackElo "1758"]
[PlyCount "40"]
[EventDate "2010.09.12"]
[EventType "team-tourn"]
[EventRounds "11"]
[EventCountry "HUN"]
[SourceTitle "EXT 2012"]
[Source "ChessBase"]
[SourceDate "2011.11.24"]
[SourceVersion "1"]
[SourceVersionDate "2011.11.24"]
[SourceQuality "1"]
[WhiteTeam "Pannonpower II"]
[BlackTeam "Pecs Karmin"]
[WhiteTeamCountry "HUN"]
[BlackTeamCountry "HUN"]

1. Nf3 d5 2. g3 c5 3. Bg2 Nf6 4. d3 Nc6 5. Nbd2 e5 6. 0-0 Bd6 7. e4 d4 8. c4 0-0 9. a3 a5 10. Nb1 Be6 11. Ng5 Bd7 12. f4 h6 13. Nh3 Bg4 14. Qe1 exf4 15. Nxf4 Ne5 16. h3 Bd7 17. Qe2 Qc8 18. h4 Bg4 19. Qc2 Nh5 20. Kh2 Nf6 0-1